| 000 -LEADER |
| fixed length control field |
02547cam a22005777i 4500 |
| 001 - CONTROL NUMBER |
| control field |
17271892 |
| 003 - CONTROL NUMBER IDENTIFIER |
| control field |
NUST |
| 005 - DATE AND TIME OF LATEST TRANSACTION |
| control field |
20170621122536.0 |
| 008 - FIXED-LENGTH DATA ELEMENTS--GENERAL INFORMATION |
| fixed length control field |
120425t20102010gw a 001 0 eng |
| 010 ## - LIBRARY OF CONGRESS CONTROL NUMBER |
| LC control number |
2012397744 |
| 015 ## - NATIONAL BIBLIOGRAPHY NUMBER |
| National bibliography number |
GBB005317 |
| Source |
bnb |
| 015 ## - NATIONAL BIBLIOGRAPHY NUMBER |
| National bibliography number |
09,N45,0686 |
| Source |
dnb |
| 016 7# - NATIONAL BIBLIOGRAPHIC AGENCY CONTROL NUMBER |
| Record control number |
99757352X |
| Source |
DE-101 |
| 016 7# - NATIONAL BIBLIOGRAPHIC AGENCY CONTROL NUMBER |
| Record control number |
101531906 |
| Source |
DNLM |
| 016 7# - NATIONAL BIBLIOGRAPHIC AGENCY CONTROL NUMBER |
| Record control number |
015463137 |
| Source |
Uk |
| 020 ## - INTERNATIONAL STANDARD BOOK NUMBER |
| International Standard Book Number |
9783527325825 (alk. paper) |
| 020 ## - INTERNATIONAL STANDARD BOOK NUMBER |
| International Standard Book Number |
3527325824 (alk. paper) |
| 035 ## - SYSTEM CONTROL NUMBER |
| System control number |
(OCoLC)ocn624408821 |
| 040 ## - CATALOGING SOURCE |
| Original cataloging agency |
NLM |
| Language of cataloging |
eng |
| Transcribing agency |
NLM |
| Description conventions |
rda |
| Modifying agency |
UKM |
| -- |
GWDNB |
| -- |
BWX |
| -- |
OCLCQ |
| -- |
YDXCP |
| -- |
OHX |
| -- |
C#P |
| -- |
LMR |
| -- |
OBE |
| -- |
IAL |
| -- |
WIS |
| -- |
OCLCF |
| -- |
CHVBK |
| -- |
OCLCQ |
| -- |
OCLCO |
| -- |
DLC |
| 042 ## - AUTHENTICATION CODE |
| Authentication code |
ukblcatcopy |
| -- |
nlmcopyc |
| -- |
lccopycat |
| 050 00 - LIBRARY OF CONGRESS CALL NUMBER |
| Classification number |
RA1226 |
| Item number |
.S74 2010 |
| 060 00 - NATIONAL LIBRARY OF MEDICINE CALL NUMBER |
| Classification number |
2010 F-114 |
| 060 10 - NATIONAL LIBRARY OF MEDICINE CALL NUMBER |
| Classification number |
WA 670 |
| 082 04 - DEWEY DECIMAL CLASSIFICATION NUMBER |
| Classification number |
615.902 OLO |
| Edition number |
22 |
| 100 1# - MAIN ENTRY--PERSONAL NAME |
| Personal name |
Sterner, Olov. |
| 9 (RLIN) |
3037 |
| 245 10 - TITLE STATEMENT |
| Title |
Chemistry, health, and environment / |
| Statement of responsibility, etc. |
Olov Sterner. |
| 250 ## - EDITION STATEMENT |
| Edition statement |
Second, completely revised edition. |
| 264 #1 - PRODUCTION, PUBLICATION, DISTRIBUTION, MANUFACTURE, AND COPYRIGHT NOTICE |
| Place of production, publication, distribution, manufacture |
Weinheim : |
| Name of producer, publisher, distributor, manufacturer |
Wiley-Blackwell, |
| Date of production, publication, distribution, manufacture, or copyright notice |
[2010] |
| 264 #4 - PRODUCTION, PUBLICATION, DISTRIBUTION, MANUFACTURE, AND COPYRIGHT NOTICE |
| Date of production, publication, distribution, manufacture, or copyright notice |
©2010 |
| 300 ## - PHYSICAL DESCRIPTION |
| Extent |
xiv, 399 pages : |
| Other physical details |
illustrations ; |
| Dimensions |
25 cm |
| 336 ## - CONTENT TYPE |
| Content type term |
text |
| Content type code |
txt |
| Source |
rdacontent |
| 337 ## - MEDIA TYPE |
| Media type term |
unmediated |
| Media type code |
n |
| Source |
rdamedia |
| 338 ## - CARRIER TYPE |
| Carrier type term |
volume |
| Carrier type code |
nc |
| Source |
rdacarrier |
| 500 ## - GENERAL NOTE |
| General note |
Includes index. |
| 500 ## - GENERAL NOTE |
| General note |
Previous edition: 1999. |
| 501 ## - WITH NOTE |
| With note |
H.B |
| 505 0# - FORMATTED CONTENTS NOTE |
| Formatted contents note |
1. Chemicals and society -- 2. The chemicals of life and nature -- 3. Chemical properties -- 4. Uptake, distribution, and elimination of chemicals -- 5. Metabolism of exogenous compounds in mammals -- 6. Conversions and transformations in the environment -- 7. Toxic effects of chemicals -- 8. The molecular basis for genotoxicity and carcinogenicity -- 9. Hazardous chemicals -- 10. Environmental effects of chemicals. |
| 650 #0 - SUBJECT ADDED ENTRY--TOPICAL TERM |
| Topical term or geographic name entry element |
Chemicals |
| General subdivision |
Physiological effect. |
| 9 (RLIN) |
3038 |
| 650 #0 - SUBJECT ADDED ENTRY--TOPICAL TERM |
| Topical term or geographic name entry element |
Environmental toxicology. |
| 9 (RLIN) |
2452 |
| 650 12 - SUBJECT ADDED ENTRY--TOPICAL TERM |
| Topical term or geographic name entry element |
Hazardous Substances |
| General subdivision |
toxicity. |
| 9 (RLIN) |
3039 |
| 650 22 - SUBJECT ADDED ENTRY--TOPICAL TERM |
| Topical term or geographic name entry element |
Carcinogens, Environmental. |
| 9 (RLIN) |
3040 |
| 650 22 - SUBJECT ADDED ENTRY--TOPICAL TERM |
| Topical term or geographic name entry element |
Environmental Pollutants. |
| 9 (RLIN) |
3041 |
| 650 22 - SUBJECT ADDED ENTRY--TOPICAL TERM |
| Topical term or geographic name entry element |
Hazardous Substances |
| General subdivision |
metabolism. |
| 9 (RLIN) |
3042 |
| 650 #7 - SUBJECT ADDED ENTRY--TOPICAL TERM |
| Topical term or geographic name entry element |
Chemicals |
| General subdivision |
Physiological effect. |
| Source of heading or term |
fast |
| Authority record control number or standard number |
(OCoLC)fst00853299 |
| 9 (RLIN) |
3038 |
| 650 #7 - SUBJECT ADDED ENTRY--TOPICAL TERM |
| Topical term or geographic name entry element |
Environmental toxicology. |
| Source of heading or term |
fast |
| Authority record control number or standard number |
(OCoLC)fst00913536 |
| 9 (RLIN) |
2452 |
| 650 #7 - SUBJECT ADDED ENTRY--TOPICAL TERM |
| Topical term or geographic name entry element |
Chemikalie. |
| Source of heading or term |
gnd |
| Authority record control number or standard number |
(DE-588)4009833-3 |
| 9 (RLIN) |
3043 |
| 650 #7 - SUBJECT ADDED ENTRY--TOPICAL TERM |
| Topical term or geographic name entry element |
Gesundheitsschädlicher Stoff. |
| Source of heading or term |
gnd |
| Authority record control number or standard number |
(DE-588)4020767-5 |
| 9 (RLIN) |
3044 |
| 650 07 - SUBJECT ADDED ENTRY--TOPICAL TERM |
| Topical term or geographic name entry element |
Chemikalie. |
| Source of heading or term |
swd |
| 9 (RLIN) |
3043 |
| 650 07 - SUBJECT ADDED ENTRY--TOPICAL TERM |
| Topical term or geographic name entry element |
Gesundheitsschädlicher Stoff. |
| Source of heading or term |
swd |
| 9 (RLIN) |
3044 |
| 906 ## - LOCAL DATA ELEMENT F, LDF (RLIN) |
| a |
7 |
| b |
cbc |
| c |
copycat |
| d |
2 |
| e |
ncip |
| f |
20 |
| g |
y-gencatlg |
| 942 ## - ADDED ENTRY ELEMENTS (KOHA) |
| Source of classification or shelving scheme |
|
| Koha item type |
Book |
| Call number prefix |
IESE |